| 000 | 00373 a2200097 4500 | ||
|---|---|---|---|
| 245 | 0 | 0 |
_aOdbiorniki radiofoniczne - Filtry pośredniej częstotliwości dwuobwodowe Ogólne wymagania i badania PN-64/T-05310 / _cMin. Przem. Ciężkiego. |
| 246 | 1 | 3 | _aPN-64/T-05310 |
| 246 | 1 | 3 | _a621.396.662.3 |
| 260 |
_aWarszawa : _bMin. Przem. Ciężkiego, _c1964. |
||
| 300 |
_a6 stron ; _c30 cm. |
||
| 650 | _aPolska norma | ||
| 999 |
_c19639 _d19639 |
||